000
00291nam a2200121Ia 4500
008
220204s9999 xx 000 0 und d
082
_a
334(540)
_b
MAT
100
_a
MATHUR, S
245
0
_a
Cooperation in India
260
_a
Agra
_b
Sahitya Bhavan
_c
1974
650
_a
Cooperation
942
_c
BK
999
_c
22973
_d
22973